000 00582nam a22001817a 4500
999 _c181895
_d181895
005 20211008105353.0
010 _aEN230921
020 _a9789332543515
_c899.00
037 _bPearson
100 _aRussell, Stuart J.
245 _aArtificial intelligence:
_ba modern approach /
_cby Stuart J. Russell [and] Peter Norvig
250 _a3rd ed
260 _aNoida
_bPearson
_c2020
270 _a15th Floor, Tower-B, World Trade Tower, Plot No.1, Block-C, Sector-16
_bNoida
_e201301
300 _axviii, 1145p.:
_bill.
_c28cm(pbk)
700 _aNorvig, Peter
942 _2ddc
_cEN
_mRUS